| 000 | 01430nam a2200289 a 4500 | ||
|---|---|---|---|
| 001 | ASIN0520242262 | ||
| 003 | OSt | ||
| 005 | 20180116192420.0 | ||
| 008 | 140128s2004 xxu eng d | ||
| 020 |
_a0520242262 (paperback) _c$29.95 |
||
| 020 | _a9780520242265 (paperback) | ||
| 040 | _cSADA | ||
| 050 | 0 | 4 | _aN70 |
| 082 | 0 | 4 | _a701 |
| 100 | 1 |
_aArnheim, Rudolf. _97224 |
|
| 245 | 1 | 0 |
_aVisual thinking / _cRudolf Arnheim. |
| 250 | _aFirst Edition, Thirty-Fifth Anniversary Printing. | ||
| 260 |
_a[S.l.] : _bUniversity of California Press, _c2004. |
||
| 300 |
_a352 p. ; _c23 cm. |
||
| 500 | _aDeluxe Edition. | ||
| 520 | _aFor thirty-five years Visual Thinking has been the gold standard for art educators, psychologists, and general readers alike. In this seminal work, Arnheim, author of The Dynamics of Architectural Form, Film as Art, Toward a Psychology of Art, and Art and Visual Perception, asserts that all thinking (not just thinking related to art) is basically perceptual in nature, and that the ancient dichotomy between seeing and thinking, between perceiving and reasoning, is false and misleading. An indis-pensable tool for students and for those interested in the arts. | ||
| 650 | 0 |
_aArt--Philosophy _97225 |
|
| 650 | 0 |
_aArt--Psychology _97226 |
|
| 650 | 0 |
_aVisual perception _97227 |
|
| 856 | 4 | 0 |
_3Amazon.com _uhttp://www.amazon.com/exec/obidos/ASIN/0520242262/chopaconline-20 |
| 942 |
_2ddc _cBK |
||
| 999 |
_c353869 _d353869 |
||